La otra educación (Record no. 17251)

MARC details
000 -LEADER
campo de control de longitud fija 01020nmm a2200361 a 4500
003 - IDENTIFICADOR DE NÚMERO DE CONTROL
campo de control AR-BaBNM
005 - FECHA Y HORA DE LA ÚLTIMA TRANSACCIÓN
campo de control 20251128210854.0
008 - DATOS DE LONGITUD FIJA--INFORMACIÓN GENERAL
campo de control de longitud fija 061020s1996 ||||||||||||||000 | spa||
020 ## - NÚMERO INTERNACIONAL ESTÁNDAR DEL LIBRO
Número Internacional Estándar del Libro 987-500-003-5
040 ## - FUENTE DE CATALOGACIÓN
Centro/agencia transcriptor AR-BaBNM
100 1# - ENTRADA PRINCIPAL--NOMBRE DE PERSONA
Nombre de persona Splitter, Laurence J.
245 10 - MENCIÓN DEL TÍTULO
Título La otra educación
Resto del título filosofía para niños y la comunidad de indagación
260 ## - PUBLICACIÓN, DISTRIBUCIÓN, ETC.
Lugar de publicación, distribución, etc. Buenos Aires
Nombre del editor, distribuidor, etc. Manantial
Fecha de publicación, distribución, etc. 1996
300 ## - DESCRIPCIÓN FÍSICA
Extensión 349 p.
Otros detalles físicos gráfs.
500 ## - NOTA GENERAL
Nota general Contiene referencias bibliográficas
650 #4 - PUNTO DE ACCESO ADICIONAL DE MATERIA--TÉRMINO DE MATERIA
Término de materia o nombre geográfico como elemento de entrada ENSEÑANZA DE LA FILOSOFIA
650 #4 - PUNTO DE ACCESO ADICIONAL DE MATERIA--TÉRMINO DE MATERIA
Término de materia o nombre geográfico como elemento de entrada ETICA
650 #4 - PUNTO DE ACCESO ADICIONAL DE MATERIA--TÉRMINO DE MATERIA
Término de materia o nombre geográfico como elemento de entrada SEXUALIDAD
650 #4 - PUNTO DE ACCESO ADICIONAL DE MATERIA--TÉRMINO DE MATERIA
Término de materia o nombre geográfico como elemento de entrada PENSAMIENTO LOGICO
650 #4 - PUNTO DE ACCESO ADICIONAL DE MATERIA--TÉRMINO DE MATERIA
Término de materia o nombre geográfico como elemento de entrada FORMACION DE CONCEPTOS
650 #4 - PUNTO DE ACCESO ADICIONAL DE MATERIA--TÉRMINO DE MATERIA
Término de materia o nombre geográfico como elemento de entrada RAZONAMIENTO
650 #4 - PUNTO DE ACCESO ADICIONAL DE MATERIA--TÉRMINO DE MATERIA
Término de materia o nombre geográfico como elemento de entrada DISCUSION EN GRUPO
650 #4 - PUNTO DE ACCESO ADICIONAL DE MATERIA--TÉRMINO DE MATERIA
Término de materia o nombre geográfico como elemento de entrada CURRICULO
650 #4 - PUNTO DE ACCESO ADICIONAL DE MATERIA--TÉRMINO DE MATERIA
Término de materia o nombre geográfico como elemento de entrada DIALOGO
653 ## - TÉRMINO DE INDIZACIÓN--NO CONTROLADO
Término no controlado FILOSOFIA PARA NIÑOS
653 ## - TÉRMINO DE INDIZACIÓN--NO CONTROLADO
Término no controlado EDUCACION EN VALORES
653 ## - TÉRMINO DE INDIZACIÓN--NO CONTROLADO
Término no controlado ESTRATEGIAS DIDACTICAS
653 ## - TÉRMINO DE INDIZACIÓN--NO CONTROLADO
Término no controlado EDUCACION GENERAL BASICA
653 ## - TÉRMINO DE INDIZACIÓN--NO CONTROLADO
Término no controlado TEMAS TRANSVERSALES
700 1# - ENTRADA AGREGADA--NOMBRE PERSONAL
Nombre de persona Sharp, Ann Margaret
942 ## - ELEMENTOS DE ENTRADA SECUNDARIOS (KOHA)
Tipo de ítem Koha Libros
998 ## - INFORMACIÓN DE CONTROL LOCAL (RLIN)
Iniciales del catalogador, CIN (RLIN) RAQUEL
Holdings
Estatus retirado Estado de pérdida Fuente de la clasificación o esquema de estantería Estado de daño Restricciones de uso No para préstamo Biblioteca de origen Biblioteca actual Fecha de adquisición Total de préstamos Signatura topográfica completa Código de barras Visto por última vez Precio de reemplazo Tipo de ítem Koha
    Clasificación Decimal Dewey   Acceso restringido No para préstamo Liberty Liberty 28/11/2025   372.81 SPL 127133 28/11/2025 28/11/2025 Libros